Côte d'Ivoire : Le désespoir de Kourouma (notice n° 1502770)
[ vue normale ]
| 000 -LEADER | |
|---|---|
| fixed length control field | 00592cam a2200133 4500500 |
| 005 - DATE AND TIME OF LATEST TRANSACTION | |
| control field | 20250921000645.0 |
| 041 ## - LANGUAGE CODE | |
| Language code of text/sound track or separate title | fre |
| 042 ## - AUTHENTICATION CODE | |
| Authentication code | dc |
| 100 10 - MAIN ENTRY--PERSONAL NAME | |
| Personal name | Bouquet, Christian |
| Relator term | author |
| 245 00 - TITLE STATEMENT | |
| Title | Côte d'Ivoire : Le désespoir de Kourouma |
| 260 ## - PUBLICATION, DISTRIBUTION, ETC. | |
| Name of publisher, distributor, etc. | Armand Colin,<br/> |
| Date of publication, distribution, etc. | 2011.<br/> |
| 520 ## - SUMMARY, ETC. | |
| Summary, etc. | Ce manuel permet de mesurer les enjeux de la crise ivoirienne et d’en comprendre la complexité. Une cartographie met en perspective l’évolution de la géographie électorale depuis 2000. |
| 856 41 - ELECTRONIC LOCATION AND ACCESS | |
| Uniform Resource Identifier | <a href="https://shs.cairn.info/cote-divoire--9782200271862?lang=fr&redirect-ssocas=7080">https://shs.cairn.info/cote-divoire--9782200271862?lang=fr&redirect-ssocas=7080</a> |
Pas d'exemplaire disponible.




Réseaux sociaux